| 000 | 00840nam a2200229Ii 4500 | ||
|---|---|---|---|
| 003 | JO-AjNU | ||
| 008 | 230605s9999||||xx |||||||||||||| ||und|| | ||
| 017 | _a2000/14311 | ||
| 020 | _a977-5283-36-1 | ||
| 040 |
_aJO-AjNU _bara _erda _cJO-AjNU |
||
| 041 | _aara | ||
| 050 | 1 | 4 | _aBF637.C6.R3722.2001 |
| 100 | 3 |
_aموسى،رشاد علي عبد العزيز, _eauthor _922506 |
|
| 245 | 0 | 0 | _aأساليب العلاج النفسي في ضوء القرآن الكريم والسنة النبوية |
| 250 | _aط1 | ||
| 264 | 3 | 1 | _aالقاهرة:مؤسسة المختار ،2001 |
| 300 | _a256ص | ||
| 336 |
_atext _btxt _2rdacontent |
||
| 337 |
_aunmediated _bn _2rdamedia |
||
| 338 |
_avolume _bnc _2rdacarrier |
||
| 650 | 4 |
_aالقرآن الكريم-العلاج النفسي-السنة النبوية-العلاج النفسي _922507 |
|
| 999 |
_aA8000 _c11568 _d11568 |
||